| 000 | 00905nam a22003017a 4500 | ||
|---|---|---|---|
| 003 | CHAP | ||
| 005 | 20220802115311.0 | ||
| 008 | 971013s r 00010 d | ||
| 010 | _a43024 | ||
| 011 | _a43996 | ||
| 035 | _a48134 | ||
| 040 | _cCHAP | ||
| 090 | _aFolleto 7415 | ||
| 110 |
_aMéxico. Dirección General para el Desarrollo Agroindustrial _977057 |
||
| 245 |
_aPiloncillo _b: elaboración |
||
| 260 |
_a(s.l. : _bs.e.), _c(s.a.) |
||
| 300 | _as.p. | ||
| 490 |
_aProcesos agroindustriales _v; 24 |
||
| 500 | _aHoja desplegable | ||
| 590 |
_aBATCH-UPD _b10 _c20130110 _lUCH01 _h2128 |
||
| 590 |
_aCONVERSION _b10 _c20130109 _lUCH01 _h1324 |
||
| 650 | 1 | 7 |
_aPanela _2 _988078 |
| 830 | 0 |
_aProcesos agroindustriales _v; 24 _991824 |
|
| 901 | _aBK | ||
| 942 | _cFOLL | ||
| 949 |
_aFolleto 7415 _bBC _cFOLL _d-109206 _eTS1 _i48134 _si |
||
| 949 |
_aFolleto 7415 _bBC _cFOLL _d-109207 _eTS2 _fc.2 _i48134 _si |
||
| 999 |
_c43024 _d43024 |
||